| 000 | 01274nam a2200289Ia 4500 | ||
|---|---|---|---|
| 001 | 20282 | ||
| 003 | DO-CoUTE | ||
| 005 | 20260204212518.0 | ||
| 008 | 220102s9999 dr 000 0 spa d | ||
| 040 |
_aDO-CoUTE _bspa _cDO-CoUTE |
||
| 041 | 0 | _aspa | |
| 090 | _aEDU-BA 2020 M17 | ||
| 100 | 1 |
_aMatías Suero, Yuderlyn _esustentante |
|
| 245 | 1 | 0 | _aLúdica como estrategias didáctica para la enseñanza de la lectoescritura, Distrito Educativo 16-07 / Yuderlyn Matías Suero, Kelvin Ramón Hernández Mendoza, Carmen Lely Rondón, asesor, Lorgio Antonio Nuñez Viloria |
| 260 |
_aCotuí,República Dominicana : _bUTECO, _c2020 |
||
| 300 | _a97 páginas | ||
| 502 | _aTrabajo de grado (Educación Mención Básica )--Universidad Tecnológica del Cibao Oriental, 2020 | ||
| 504 | _aIncluye referencia bibliográfica e índice | ||
| 650 | 4 | _aLúcida como estrategia didáctica--Educación Mención Básica | |
| 700 | 1 |
_aRondón, Carmen Lely _esustentante |
|
| 700 | 1 |
_aHernández Mendoza, Kelvin Ramón _esustentante |
|
| 700 | 1 |
_aNúñez Viloria, Lorgio Antonio _easesor |
|
| 830 | 0 | _aTesis y disertaciones académicas (Universidad Tecnológica del Cibao Oriental) | |
| 942 |
_2LC _cTH |
||
| 999 |
_c19895 _d19895 |
||